[Event "Королевский Гамбит. Южный Федеральный округ."]
[Date "2025-11-21"]
[Round "7.7"]
[Board "7"]
[White "Дорошенко Мария"]
[WhiteElo "982"]
[Black "Сериков Дмитрий"]
[BlackElo "974"]
[WebSite "https://www.chessopen.ru"]
[GameId "2631ee9a-6f3f-4c59-a812-581758d115b8"]
[Result "0-1"]

1. e4 { [%clk 0:09:54] } e5 { [%clk 0:10:00] } 2. Bc4 { [%clk 0:09:53] } Nf6 {
[%clk 0:09:58] } 3. Nc3 { [%clk 0:09:53] } Nc6 { [%clk 0:09:58] } 4. Nf3 {
[%clk 0:09:50] } Bc5 { [%clk 0:09:54] } 5. d3 { [%clk 0:09:48] } d6 { [%clk
0:09:54] } 6. Bg5 { [%clk 0:09:48] } Be6 { [%clk 0:09:52] } 7. Bxe6 { [%clk
0:09:47] } fxe6 { [%clk 0:09:52] } 8. Bxf6 { [%clk 0:09:29] } Qxf6 { [%clk
0:09:51] } 9. O-O { [%clk 0:09:13] } O-O-O { [%clk 0:09:51] } 10. h3 { [%clk
0:09:08] } Nd4 { [%clk 0:09:50] } 11. Na4 { [%clk 0:08:45] } g5 { [%clk
0:09:28] } 12. g4 { [%clk 0:08:31] } Nxf3+ { [%clk 0:09:23] } 13. Kg2 { [%clk
0:08:31] } Qf4 { [%clk 0:09:16] } 14. Rh1 { [%clk 0:08:23] } Nh4+ { [%clk
0:08:59] } 15. Kg1 { [%clk 0:08:16] } Qxf2# { [%clk 0:08:51] } 0-1

[Event "Королевский Гамбит. Южный Федеральный округ."]
[Date "2025-11-21"]
[Round "7.7"]
[Board "7"]
[White "Лысенко Мария"]
[WhiteElo "971"]
[Black "Дмитрий Алдохин"]
[BlackElo "960"]
[WebSite "https://www.chessopen.ru"]
[GameId "1cac9c32-03a5-4994-aa6e-04a407a5351f"]
[Result "1-0"]

1. Nf3 { [%clk 0:09:58] } e5 { [%clk 0:10:00] } 2. Nxe5 { [%clk 0:09:55] } Qe7
{ [%clk 0:09:49] } 3. Nf3 { [%clk 0:09:55] } d6 { [%clk 0:09:46] } 4. Nc3 {
[%clk 0:09:53] } Nc6 { [%clk 0:09:45] } 5. g4 { [%clk 0:09:53] } Nf6 { [%clk
0:09:43] } 6. Bh3 { [%clk 0:09:52] } Be6 { [%clk 0:09:31] } 7. g5 { [%clk
0:09:47] } Nh5 { [%clk 0:09:22] } 8. Bxe6 { [%clk 0:09:45] } Qxe6 { [%clk
0:09:19] } 9. O-O { [%clk 0:09:45] } Nf4 { [%clk 0:09:07] } 10. e3 { [%clk
0:09:43] } Nh3+ { [%clk 0:08:58] } 11. Kh1 { [%clk 0:09:40] } Qg4 { [%clk
0:08:52] } 12. Ng1 { [%clk 0:09:36] } Ne5 { [%clk 0:08:44] } 13. Nxh3 { [%clk
0:09:36] } Qxh3 { [%clk 0:08:42] } 14. Rg1 { [%clk 0:09:35] } Nf3 { [%clk
0:08:36] } 15. Rg2 { [%clk 0:09:27] } Rc8 { [%clk 0:08:24] } 16. Ne4 { [%clk
0:09:21] } Rd8 { [%clk 0:08:16] } 17. Ng3 { [%clk 0:08:58] } Rd7 { [%clk
0:08:12] } 18. Qxf3 { [%clk 0:08:28] } Rd8 { [%clk 0:08:08] } 19. c3 { [%clk
0:08:09] } Be7 { [%clk 0:08:08] } 20. d4 { [%clk 0:08:08] } Bxg5 { [%clk
0:08:04] } 21. Bd2 { [%clk 0:08:06] } Bh4 { [%clk 0:07:54] } 22. Be1 { [%clk
0:07:57] } Rd7 { [%clk 0:07:42] } 23. Qe4+ { [%clk 0:07:39] } Re7 { [%clk
0:07:33] } 24. Qf3 { [%clk 0:07:29] } Re6 { [%clk 0:07:32] } 25. e4 { [%clk
0:07:16] } Rf6 { [%clk 0:07:32] } 26. Qe3 { [%clk 0:07:15] } h5 { [%clk
0:07:24] } 27. e5 { [%clk 0:07:15] } dxe5 { [%clk 0:07:24] } 28. dxe5 { [%clk
0:07:14] } Re6 { [%clk 0:07:19] } 29. Nxh5 { [%clk 0:07:06] } Rxh5 { [%clk
0:07:17] } 30. Rg3 { [%clk 0:07:02] } Bxg3 { [%clk 0:07:10] } 31. fxg3 { [%clk
0:07:01] } Rhxe5 { [%clk 0:07:05] } 32. Qg1 { [%clk 0:06:29] } Re2 { [%clk
0:06:59] } 33. b4 { [%clk 0:06:01] } Rf6 { [%clk 0:06:46] } 34. Bd2 { [%clk
0:05:06] } Rf1 { [%clk 0:06:43] } 35. Rxf1 { [%clk 0:04:51] } Rxd2 { [%clk
0:06:34] } 36. Re1+ { [%clk 0:04:33] } Kf8 { [%clk 0:06:10] } 37. a4 { [%clk
0:04:04] } b6 { [%clk 0:05:48] } 38. a5 { [%clk 0:03:51] } bxa5 { [%clk
0:05:42] } 39. bxa5 { [%clk 0:03:51] } a6 { [%clk 0:05:38] } 40. c4 { [%clk
0:03:26] } Rc2 { [%clk 0:05:33] } 41. Re4 { [%clk 0:03:14] } f5 { [%clk
0:04:58] } 42. Rh4 { [%clk 0:02:56] } Qg2+ { [%clk 0:04:14] } 43. Qxg2 { [%clk
0:02:48] } Rxg2 { [%clk 0:04:14] } 44. Kxg2 { [%clk 0:02:48] } c5 { [%clk
0:04:11] } 45. Rf4 { [%clk 0:02:43] } g6 { [%clk 0:04:05] } 46. g4 { [%clk
0:02:41] } Kf7 { [%clk 0:03:57] } 47. gxf5 { [%clk 0:02:42] } gxf5 { [%clk
0:03:56] } 48. Rxf5+ { [%clk 0:02:42] } Ke6 { [%clk 0:03:56] } 49. Rxc5 { [%clk
0:02:42] } Kd6 { [%clk 0:03:53] } 50. Rd5+ { [%clk 0:02:40] } Kc6 { [%clk
0:03:52] } 51. h3 { [%clk 0:02:40] } Kb7 { [%clk 0:03:39] } 52. h4 { [%clk
0:02:41] } Ka7 { [%clk 0:03:35] } 53. h5 { [%clk 0:02:30] } Ka8 { [%clk
0:03:19] } 54. h6 { [%clk 0:02:31] } Ka7 { [%clk 0:03:18] } 55. h7 { [%clk
0:02:31] } Kb7 { [%clk 0:03:16] } 56. h8=Q { [%clk 0:02:28] } Ka7 { [%clk
0:03:15] } 57. Qh7+ { [%clk 0:01:47] } Kb8 { [%clk 0:03:10] } 58. Rd8# { [%clk
0:01:47] } 1-0

[Event "Королевский Гамбит. Южный Федеральный округ."]
[Date "2025-11-21"]
[Round "7.8"]
[Board "8"]
[White "Арина Фисенко"]
[WhiteElo "953"]
[Black "Мальченко Екатерина"]
[BlackElo "954"]
[WebSite "https://www.chessopen.ru"]
[GameId "f3726358-1d77-4c79-9ddf-2d1f29184a58"]
[Result "1-0"]

1. e4 { [%clk 0:10:00] } e5 { [%clk 0:09:49] } 2. Qh5 { [%clk 0:09:57] } Nc6 {
[%clk 0:09:51] } 3. Bb5 { [%clk 0:09:53] } g6 { [%clk 0:09:23] } 4. Qf3 { [%clk
0:09:42] } Nf6 { [%clk 0:09:23] } 5. Nh3 { [%clk 0:09:40] } Bb4 { [%clk
0:09:18] } 6. c3 { [%clk 0:09:27] } d5 { [%clk 0:08:50] } 7. exd5 { [%clk
0:09:16] } Nxd5 { [%clk 0:08:49] } 8. Ng5 { [%clk 0:09:09] } Qxg5 { [%clk
0:08:38] } 9. d3 { [%clk 0:08:33] } O-O { [%clk 0:07:48] } 10. Bxg5 { [%clk
0:08:25] } f5 { [%clk 0:07:42] } 11. cxb4 { [%clk 0:08:20] } Ndxb4 { [%clk
0:07:42] } 12. Qe2 { [%clk 0:07:42] } Nd4 { [%clk 0:07:44] } 13. Qxe5 { [%clk
0:07:29] } Nxb5 { [%clk 0:07:40] } 14. Qxb5 { [%clk 0:07:24] } Nxd3+ { [%clk
0:07:42] } 15. Qxd3 { [%clk 0:07:21] } Be6 { [%clk 0:07:33] } 16. O-O { [%clk
0:07:13] } 1-0

[Event "Королевский Гамбит. Южный Федеральный округ."]
[Date "2025-11-21"]
[Round "7.8"]
[Board "8"]
[White "Мережко Татьяна"]
[WhiteElo "1020"]
[Black "Третьякова Александрина"]
[BlackElo "1027"]
[WebSite "https://www.chessopen.ru"]
[GameId "6f0ea729-bbde-490f-97a6-6186612992d1"]
[Result "0-1"]

1. e4 { [%clk 0:10:00] } d5 { [%clk 0:09:59] } 2. d3 { [%clk 0:09:55] } dxe4 {
[%clk 0:09:55] } 3. Nc3 { [%clk 0:09:52] } Nf6 { [%clk 0:09:51] } 4. dxe4 {
[%clk 0:09:52] } Qxd1+ { [%clk 0:09:48] } 5. Kxd1 { [%clk 0:09:51] } Nc6 {
[%clk 0:09:44] } 6. Bb5 { [%clk 0:09:52] } a6 { [%clk 0:09:44] } 7. Bxc6+ {
[%clk 0:09:43] } bxc6 { [%clk 0:09:43] } 8. Bg5 { [%clk 0:09:43] } h6 { [%clk
0:09:40] } 9. Bxf6 { [%clk 0:09:45] } exf6 { [%clk 0:09:41] } 10. Nf3 { [%clk
0:09:37] } Bd7 { [%clk 0:09:29] } 11. Kd2 { [%clk 0:09:22] } Bb4 { [%clk
0:09:24] } 12. Rae1 { [%clk 0:09:18] } O-O { [%clk 0:09:21] } 13. Kc1 { [%clk
0:09:16] } Bxc3 { [%clk 0:09:16] } 14. bxc3 { [%clk 0:09:17] } Rab8 { [%clk
0:09:15] } 15. e5 { [%clk 0:09:18] } Be6 { [%clk 0:09:05] } 16. exf6 { [%clk
0:09:18] } gxf6 { [%clk 0:09:03] } 17. Re3 { [%clk 0:09:15] } Bxa2 { [%clk
0:08:56] } 18. Nd4 { [%clk 0:09:11] } Rb1+ { [%clk 0:08:54] } 19. Kd2 { [%clk
0:09:10] } Rxh1 { [%clk 0:08:54] } 20. Rg3+ { [%clk 0:09:12] } Kh8 { [%clk
0:08:43] } 21. Nxc6 { [%clk 0:09:13] } Rg8 { [%clk 0:08:36] } 22. Ne7 { [%clk
0:09:06] } Rxg3 { [%clk 0:08:36] } 23. Ng6+ { [%clk 0:09:06] } 0-1

[Event "Королевский Гамбит. Южный Федеральный округ."]
[Date "2025-11-21"]
[Round "7.8"]
[Board "8"]
[White "Мотина Полина"]
[WhiteElo "972"]
[Black "Недбальская Вера"]
[BlackElo "983"]
[WebSite "https://www.chessopen.ru"]
[GameId "4eef9a28-58b5-4b4a-9d3b-26ecbfcacf50"]
[Result "0-1"]

1. e4 { [%clk 0:10:01] } e5 { [%clk 0:09:59] } 2. b3 { [%clk 0:10:00] } Nf6 {
[%clk 0:09:56] } 3. Nh3 { [%clk 0:09:58] } Bc5 { [%clk 0:09:51] } 4. d3 { [%clk
0:09:57] } d6 { [%clk 0:09:47] } 5. Bb2 { [%clk 0:09:54] } Bxh3 { [%clk
0:09:46] } 6. gxh3 { [%clk 0:09:55] } h6 { [%clk 0:09:45] } 7. h4 { [%clk
0:09:52] } O-O { [%clk 0:09:43] } 8. Nc3 { [%clk 0:09:47] } Bd4 { [%clk
0:09:36] } 9. h3 { [%clk 0:09:32] } Nc6 { [%clk 0:09:24] } 10. h5 { [%clk
0:09:33] } Re8 { [%clk 0:09:22] } 11. Qf3 { [%clk 0:09:20] } a6 { [%clk
0:09:16] } 12. Rg1 { [%clk 0:09:17] } Kf8 { [%clk 0:08:48] } 13. Na4 { [%clk
0:09:12] } Bxb2 { [%clk 0:08:47] } 14. Nxb2 { [%clk 0:09:09] } Nd4 { [%clk
0:08:45] } 15. Qg3 { [%clk 0:09:04] } Nxh5 { [%clk 0:08:39] } 16. Be2 { [%clk
0:09:00] } Nxe2 { [%clk 0:08:34] } 17. Qh2 { [%clk 0:08:46] } Nxg1 { [%clk
0:08:21] } 18. Qxg1 { [%clk 0:08:47] } Nf4 { [%clk 0:08:01] } 19. Qg4 { [%clk
0:08:39] } Ng6 { [%clk 0:07:50] } 20. a4 { [%clk 0:08:38] } Qh4 { [%clk
0:07:30] } 21. Qg3 { [%clk 0:08:19] } Qxg3 { [%clk 0:07:25] } 22. fxg3 { [%clk
0:08:20] } Re6 { [%clk 0:07:13] } 23. O-O-O { [%clk 0:08:09] } Rf6 { [%clk
0:07:03] } 24. Nc4 { [%clk 0:07:57] } Rf3 { [%clk 0:06:59] } 25. Rg1 { [%clk
0:07:05] } b5 { [%clk 0:06:38] } 26. Na5 { [%clk 0:06:58] } bxa4 { [%clk
0:06:30] } 27. bxa4 { [%clk 0:06:53] } Rb8 { [%clk 0:06:25] } 28. Nc6 { [%clk
0:06:45] } Ra8 { [%clk 0:06:12] } 29. Kd2 { [%clk 0:06:24] } h5 { [%clk
0:05:54] } 30. h4 { [%clk 0:06:15] } Rf2+ { [%clk 0:05:44] } 31. Kc3 { [%clk
0:06:06] } Ne7 { [%clk 0:05:31] } 32. Nb4 { [%clk 0:05:26] } a5 { [%clk
0:05:11] } 33. Nd5 { [%clk 0:05:05] } Nxd5+ { [%clk 0:05:03] } 34. exd5 { [%clk
0:05:05] } Rb8 { [%clk 0:04:55] } 35. Kc4 { [%clk 0:04:05] } Rxc2# { [%clk
0:04:50] } 0-1

[Event "Королевский Гамбит. Южный Федеральный округ."]
[Date "2025-11-21"]
[Round "7.8"]
[Board "8"]
[White "Харьковская Анна"]
[WhiteElo "1008"]
[Black "Нестерова Алёна"]
[BlackElo "1010"]
[WebSite "https://www.chessopen.ru"]
[GameId "a87b3988-7b08-4a6f-8d92-defcf405b7e1"]
[Result "1-0"]

1. e4 { [%clk 0:10:01] } e5 { [%clk 0:10:00] } 2. Nf3 { [%clk 0:10:01] } Nc6 {
[%clk 0:09:59] } 3. Nc3 { [%clk 0:10:02] } Bc5 { [%clk 0:09:51] } 4. Bc4 {
[%clk 0:10:01] } a6 { [%clk 0:09:32] } 5. a4 { [%clk 0:10:01] } Nf6 { [%clk
0:09:19] } 6. O-O { [%clk 0:10:01] } d6 { [%clk 0:09:09] } 7. h3 { [%clk
0:09:23] } Be6 { [%clk 0:09:00] } 8. Bxe6 { [%clk 0:09:08] } fxe6 { [%clk
0:08:58] } 9. d3 { [%clk 0:08:46] } d5 { [%clk 0:08:28] } 10. exd5 { [%clk
0:08:35] } exd5 { [%clk 0:08:25] } 11. d4 { [%clk 0:08:02] } exd4 { [%clk
0:08:04] } 12. Re1+ { [%clk 0:07:48] } Kf7 { [%clk 0:07:58] } 13. Ng5+ { [%clk
0:07:18] } Kg8 { [%clk 0:07:51] } 14. Ne2 { [%clk 0:06:52] } Ne4 { [%clk
0:07:35] } 15. Ne6 { [%clk 0:06:44] } Qe7 { [%clk 0:07:29] } 16. Nxc5 { [%clk
0:06:40] } Qxc5 { [%clk 0:07:27] } 17. Bd2 { [%clk 0:06:21] } d3 { [%clk
0:07:11] } 18. cxd3 { [%clk 0:06:13] } Qxf2+ { [%clk 0:07:08] } 19. Kh1 { [%clk
0:06:07] } Ng3+ { [%clk 0:06:54] } 20. Nxg3 { [%clk 0:06:04] } Qxg3 { [%clk
0:06:43] } 21. Re3 { [%clk 0:06:01] } Qf2 { [%clk 0:06:18] } 22. Re2 { [%clk
0:05:38] } Qg3 { [%clk 0:06:07] } 23. Be1 { [%clk 0:05:37] } Qg5 { [%clk
0:05:52] } 24. Bf2 { [%clk 0:05:24] } Rf8 { [%clk 0:05:41] } 25. Qe1 { [%clk
0:05:23] } Rf6 { [%clk 0:05:04] } 26. Re8+ { [%clk 0:05:23] } Kf7 { [%clk
0:04:59] } 27. Rxh8 { [%clk 0:05:20] } Rg6 { [%clk 0:04:39] } 28. Qe8+ { [%clk
0:05:16] } Kf6 { [%clk 0:04:36] } 29. Rf8# { [%clk 0:05:13] } 1-0

[Event "Королевский Гамбит. Южный Федеральный округ."]
[Date "2025-11-21"]
[Round "7.8"]
[Board "8"]
[White "Хомец Оливия"]
[WhiteElo "1045"]
[Black "Краль Вероника"]
[BlackElo "1009"]
[WebSite "https://www.chessopen.ru"]
[GameId "be88e93d-f120-41de-b7f8-7db2dc38d783"]
[Result "0-1"]

1. d4 { [%clk 0:09:59] } Nf6 { [%clk 0:09:59] } 2. e3 { [%clk 0:09:59] } g6 {
[%clk 0:09:53] } 3. Nc3 { [%clk 0:10:00] } Bg7 { [%clk 0:09:52] } 4. Nf3 {
[%clk 0:09:59] } O-O { [%clk 0:09:50] } 5. e4 { [%clk 0:09:59] } d6 { [%clk
0:09:41] } 6. Bg5 { [%clk 0:09:51] } c5 { [%clk 0:09:36] } 7. e5 { [%clk
0:09:35] } dxe5 { [%clk 0:09:18] } 8. dxe5 { [%clk 0:09:36] } Qxd1+ { [%clk
0:09:12] } 9. Rxd1 { [%clk 0:09:37] } Nfd7 { [%clk 0:08:56] } 10. Nd5 { [%clk
0:09:35] } Re8 { [%clk 0:08:49] } 11. Nxe7+ { [%clk 0:09:31] } Kf8 { [%clk
0:08:35] } 12. Nxc8 { [%clk 0:09:23] } Rxc8 { [%clk 0:08:30] } 13. Bc4 { [%clk
0:09:12] } Nxe5 { [%clk 0:08:11] } 14. Nxe5 { [%clk 0:09:03] } Bxe5 { [%clk
0:08:09] } 15. O-O { [%clk 0:09:03] } Bxb2 { [%clk 0:08:04] } 16. Rfe1 { [%clk
0:08:59] } Nc6 { [%clk 0:07:46] } 17. Bd5 { [%clk 0:08:17] } Bd4 { [%clk
0:07:32] } 18. Rb1 { [%clk 0:08:11] } b6 { [%clk 0:07:12] } 19. Bh6+ { [%clk
0:07:48] } Kg8 { [%clk 0:06:56] } 20. Re4 { [%clk 0:07:39] } Bg7 { [%clk
0:06:39] } 21. Bxg7 { [%clk 0:07:27] } Kxg7 { [%clk 0:06:38] } 22. Rf4 { [%clk
0:07:28] } f6 { [%clk 0:06:25] } 23. Re1 { [%clk 0:07:22] } Rab8 { [%clk
0:06:04] } 24. Re6 { [%clk 0:07:15] } Ne5 { [%clk 0:05:50] } 25. Rfxf6 { [%clk
0:06:29] } Re8 { [%clk 0:05:17] } 26. Rxe8 { [%clk 0:06:07] } Rxe8 { [%clk
0:05:07] } 27. Re6 { [%clk 0:06:03] } Rxe6 { [%clk 0:05:05] } 28. Bxe6 { [%clk
0:06:03] } Kf6 { [%clk 0:05:05] } 29. Bc8 { [%clk 0:05:55] } Nc4 { [%clk
0:04:46] } 30. f4 { [%clk 0:05:54] } Ne3 { [%clk 0:04:41] } 31. g3 { [%clk
0:05:53] } Nxc2 { [%clk 0:04:41] } 32. g4 { [%clk 0:05:53] } Nb4 { [%clk
0:04:36] } 33. g5+ { [%clk 0:05:52] } Kf7 { [%clk 0:04:34] } 34. a4 { [%clk
0:05:50] } Nd3 { [%clk 0:04:30] } 35. f5 { [%clk 0:05:40] } Nb2 { [%clk
0:04:24] } 36. f6 { [%clk 0:05:33] } Nxa4 { [%clk 0:04:24] } 37. Bb7 { [%clk
0:05:32] } Nc3 { [%clk 0:04:18] } 38. Kg2 { [%clk 0:05:17] } a5 { [%clk
0:04:14] } 39. Kf3 { [%clk 0:05:11] } a4 { [%clk 0:04:13] } 40. Ba6 { [%clk
0:04:52] } b5 { [%clk 0:04:05] } 41. Ke3 { [%clk 0:04:53] } a3 { [%clk 0:03:56]
} 42. Kd3 { [%clk 0:04:55] } a2 { [%clk 0:03:53] } 43. Bb7 { [%clk 0:04:56] }
a1=Q { [%clk 0:03:50] } 44. h4 { [%clk 0:04:57] } c4+ { [%clk 0:03:42] } 45.
Kd4 { [%clk 0:04:49] } Qd1+ { [%clk 0:03:36] } 46. Kxc3 { [%clk 0:04:46] } Qd3+
{ [%clk 0:03:36] } 47. Kb4 { [%clk 0:04:46] } Qb3+ { [%clk 0:03:35] } 48. Kc5 {
[%clk 0:04:47] } c3 { [%clk 0:03:28] } 49. Bd5+ { [%clk 0:04:45] } Qxd5+ {
[%clk 0:03:29] } 50. Kxd5 { [%clk 0:04:46] } c2 { [%clk 0:03:32] } 51. h5 {
[%clk 0:04:37] } gxh5 { [%clk 0:03:30] } 52. Ke5 { [%clk 0:04:31] } c1=Q {
[%clk 0:03:29] } 53. g6+ { [%clk 0:04:29] } hxg6 { [%clk 0:03:27] } 54. Ke4 {
[%clk 0:04:04] } Qc6+ { [%clk 0:03:23] } 55. Ke5 { [%clk 0:04:05] } Qxf6+ {
[%clk 0:03:23] } 56. Kd5 { [%clk 0:04:05] } h4 { [%clk 0:03:21] } 57. Kc5 {
[%clk 0:04:06] } h3 { [%clk 0:03:22] } 58. Kxb5 { [%clk 0:04:08] } h2 { [%clk
0:03:24] } 59. Kc4 { [%clk 0:04:10] } h1=R { [%clk 0:03:23] } 60. Kd3 { [%clk
0:04:11] } Qf4 { [%clk 0:03:22] } 0-1

[Event "Королевский Гамбит. Южный Федеральный округ."]
[Date "2025-11-21"]
[Round "7.9"]
[Board "9"]
[White "Аристархов Максим"]
[WhiteElo "943"]
[Black "Никишин Глеб"]
[BlackElo "1056"]
[WebSite "https://www.chessopen.ru"]
[GameId "60a72023-944b-45a7-bfa3-cf34b07f4804"]
[Result "0-1"]

1. d3 { [%clk 0:10:00] } b6 { [%clk 0:07:17] } 2. Bf4 { [%clk 0:09:54] } Bb7 {
[%clk 0:07:18] } 3. Nd2 { [%clk 0:09:51] } d6 { [%clk 0:07:12] } 4. g3 { [%clk
0:09:51] } e5 { [%clk 0:07:07] } 5. Be3 { [%clk 0:09:40] } Bxh1 { [%clk
0:06:55] } 6. f3 { [%clk 0:09:38] } f5 { [%clk 0:06:29] } 7. Nh3 { [%clk
0:09:35] } Nf6 { [%clk 0:06:09] } 8. Nf2 { [%clk 0:09:38] } Bxf3 { [%clk
0:06:11] } 9. exf3 { [%clk 0:09:39] } Nbd7 { [%clk 0:06:12] } 10. f4 { [%clk
0:09:32] } g6 { [%clk 0:06:08] } 11. Bg2 { [%clk 0:09:35] } d5 { [%clk 0:06:01]
} 12. b3 { [%clk 0:09:38] } e4 { [%clk 0:06:00] } 13. dxe4 { [%clk 0:09:36] }
dxe4 { [%clk 0:06:00] } 14. Nf3 { [%clk 0:09:39] } exf3 { [%clk 0:06:01] } 15.
Bxf3 { [%clk 0:09:40] } Rb8 { [%clk 0:05:58] } 16. Rc1 { [%clk 0:09:38] } Bb4+
{ [%clk 0:05:58] } 17. c3 { [%clk 0:09:39] } Qe7 { [%clk 0:05:57] } 18. Kf1 {
[%clk 0:09:36] } Bd6 { [%clk 0:05:43] } 19. Nh3 { [%clk 0:09:25] } Qxe3 { [%clk
0:05:41] } 20. Rc2 { [%clk 0:09:22] } O-O { [%clk 0:05:34] } 21. Qd2 { [%clk
0:09:14] } Qxf3+ { [%clk 0:05:35] } 22. Ke1 { [%clk 0:09:14] } Rfe8+ { [%clk
0:05:35] } 23. Qe2 { [%clk 0:09:10] } Rxe2+ { [%clk 0:05:36] } 24. Kd1 { [%clk
0:09:13] } Rf2+ { [%clk 0:05:17] } 25. Kc1 { [%clk 0:09:11] } Ba3+ { [%clk
0:05:17] } 26. Kb1 { [%clk 0:09:12] } Qd1+ { [%clk 0:05:18] } 27. Rc1 { [%clk
0:09:09] } Qxc1# { [%clk 0:05:19] } 0-1

[Event "Королевский Гамбит. Южный Федеральный округ."]
[Date "2025-11-21"]
[Round "7.9"]
[Board "9"]
[White "Березин Михаил"]
[WhiteElo "980"]
[Black "Квачёв Егор"]
[BlackElo "999"]
[WebSite "https://www.chessopen.ru"]
[GameId "158d480c-bb70-4c67-8af1-fa95db16d796"]
[Result "1-0"]

1. e4 { [%clk 0:09:54] } e5 { [%clk 0:09:21] } 2. Nf3 { [%clk 0:09:53] } d6 {
[%clk 0:09:18] } 3. Nc3 { [%clk 0:09:47] } Nc6 { [%clk 0:09:19] } 4. Bb5 {
[%clk 0:09:39] } Nf6 { [%clk 0:08:56] } 5. Bxc6+ { [%clk 0:09:36] } bxc6 {
[%clk 0:08:57] } 6. O-O { [%clk 0:09:05] } Be7 { [%clk 0:08:56] } 7. h3 { [%clk
0:09:05] } O-O { [%clk 0:08:46] } 8. b4 { [%clk 0:08:42] } Ba6 { [%clk 0:08:41]
} 9. Re1 { [%clk 0:08:19] } d5 { [%clk 0:08:41] } 10. a4 { [%clk 0:07:43] }
dxe4 { [%clk 0:08:31] } 11. Nxe4 { [%clk 0:07:43] } Nxe4 { [%clk 0:08:29] } 12.
Rxe4 { [%clk 0:07:44] } Rb8 { [%clk 0:08:18] } 13. Rb1 { [%clk 0:07:40] } f6 {
[%clk 0:08:06] } 14. c3 { [%clk 0:07:05] } c5 { [%clk 0:08:07] } 15. Ba3 {
[%clk 0:06:55] } c6 { [%clk 0:08:04] } 16. d4 { [%clk 0:05:19] } Bd3 { [%clk
0:08:02] } 17. Qxd3 { [%clk 0:05:07] } cxd4 { [%clk 0:07:57] } 18. cxd4 { [%clk
0:05:07] } c5 { [%clk 0:07:36] } 19. bxc5 { [%clk 0:04:47] } Rxb1+ { [%clk
0:07:32] } 20. Qxb1 { [%clk 0:04:49] } exd4 { [%clk 0:07:15] } 21. Rxd4 { [%clk
0:04:31] } Qa5 { [%clk 0:06:40] } 22. Qe1 { [%clk 0:04:08] } Qa6 { [%clk
0:06:32] } 23. Qxe7 { [%clk 0:03:53] } f5 { [%clk 0:06:01] } 24. Rd7 { [%clk
0:03:41] } Qxa4 { [%clk 0:05:44] } 25. Qxg7# { [%clk 0:03:19] } 1-0

[Event "Королевский Гамбит. Южный Федеральный округ."]
[Date "2025-11-21"]
[Round "7.9"]
[Board "9"]
[White "Марк Белянин"]
[WhiteElo "1039"]
[Black "каргин давид"]
[BlackElo "991"]
[WebSite "https://www.chessopen.ru"]
[GameId "5a56ea28-b2e6-4fa8-a5ea-ef87639919c5"]
[Result "0-1"]

1. e4 { [%clk 0:09:57] } e6 { [%clk 0:09:52] } 2. d4 { [%clk 0:09:57] } d5 {
[%clk 0:09:51] } 3. e5 { [%clk 0:09:56] } c5 { [%clk 0:09:50] } 4. c3 { [%clk
0:09:57] } Nc6 { [%clk 0:09:49] } 5. Nf3 { [%clk 0:09:57] } Bd7 { [%clk
0:09:44] } 6. g3 { [%clk 0:09:32] } Qb6 { [%clk 0:09:41] } 7. Bg2 { [%clk
0:09:14] } cxd4 { [%clk 0:09:38] } 8. cxd4 { [%clk 0:09:12] } Nge7 { [%clk
0:09:30] } 9. O-O { [%clk 0:09:08] } Nf5 { [%clk 0:09:11] } 10. b3 { [%clk
0:08:34] } Nfxd4 { [%clk 0:09:04] } 11. Be3 { [%clk 0:08:29] } Nxf3+ { [%clk
0:08:53] } 12. Bxf3 { [%clk 0:08:12] } Bc5 { [%clk 0:08:38] } 13. Bxc5 { [%clk
0:08:08] } Qxc5 { [%clk 0:08:30] } 14. Re1 { [%clk 0:08:05] } Nd4 { [%clk
0:08:14] } 15. Nd2 { [%clk 0:07:40] } Nxf3+ { [%clk 0:07:35] } 16. Nxf3 { [%clk
0:07:35] } Rc8 { [%clk 0:07:33] } 17. Qd2 { [%clk 0:07:22] } O-O { [%clk
0:06:44] } 18. Qg5 { [%clk 0:07:13] } Qc3 { [%clk 0:05:59] } 19. Qh5 { [%clk
0:06:44] } f6 { [%clk 0:05:23] } 20. Rac1 { [%clk 0:06:31] } Qxc1 { [%clk
0:03:13] } 21. Rxc1 { [%clk 0:06:30] } Rxc1+ { [%clk 0:03:10] } 22. Kg2 { [%clk
0:06:31] } Bb5 { [%clk 0:03:09] } 23. exf6 { [%clk 0:06:28] } Bf1+ { [%clk
0:02:20] } 24. Kg1 { [%clk 0:06:20] } Bh3+ { [%clk 0:02:14] } 25. Ne1 { [%clk
0:05:56] } Rxe1# { [%clk 0:02:07] } 0-1

[Event "Королевский Гамбит. Южный Федеральный округ."]
[Date "2025-11-21"]
[Round "7.9"]
[Board "9"]
[White "Статник Назар"]
[WhiteElo "980"]
[Black "Макушкин Алексей"]
[BlackElo "991"]
[WebSite "https://www.chessopen.ru"]
[GameId "dc689085-d4ed-41f7-925b-71a0ce280a3e"]
[Result "0-1"]

1. d4 { [%clk 0:09:47] } f5 { [%clk 0:09:58] } 2. g3 { [%clk 0:09:40] } b5 {
[%clk 0:09:57] } 3. Nf3 { [%clk 0:09:38] } h5 { [%clk 0:09:58] } 4. Rg1 { [%clk
0:09:20] } d6 { [%clk 0:09:38] } 5. g4 { [%clk 0:09:12] } fxg4 { [%clk 0:09:26]
} 6. Rxg4 { [%clk 0:08:59] } hxg4 { [%clk 0:09:27] } 7. Nh4 { [%clk 0:08:56] }
Rxh4 { [%clk 0:09:18] } 8. Bh3 { [%clk 0:08:51] } Rxh3 { [%clk 0:09:19] } 9.
Kd2 { [%clk 0:08:33] } Rxh2 { [%clk 0:08:57] } 10. Ke3 { [%clk 0:08:20] } g6 {
[%clk 0:08:39] } 11. Qd3 { [%clk 0:08:10] } Rh3+ { [%clk 0:08:37] } 12. Kd2 {
[%clk 0:08:04] } Rxd3+ { [%clk 0:08:34] } 13. Kxd3 { [%clk 0:08:04] } Nf6 {
[%clk 0:08:18] } 14. Be3 { [%clk 0:07:34] } Nh5 { [%clk 0:08:09] } 15. Bh6 {
[%clk 0:07:16] } Bxh6 { [%clk 0:08:09] } 16. Ke4 { [%clk 0:07:06] } e6 { [%clk
0:08:02] } 17. f4 { [%clk 0:06:56] } Nxf4 { [%clk 0:07:51] } 18. e3 { [%clk
0:06:43] } Bb7+ { [%clk 0:07:47] } 19. d5 { [%clk 0:06:17] } Nxd5 { [%clk
0:07:43] } 20. Kd3 { [%clk 0:05:42] } Nxe3 { [%clk 0:07:36] } 21. Kd4 { [%clk
0:05:38] } Qf6+ { [%clk 0:07:34] } 22. Kd3 { [%clk 0:05:36] } Nc4 { [%clk
0:07:20] } 23. Nc3 { [%clk 0:05:23] } Qf3+ { [%clk 0:07:19] } 24. Kd4 { [%clk
0:05:23] } Bg7# { [%clk 0:07:21] } 0-1